| 000 | 00766nam a2200253 a 4500 | ||
|---|---|---|---|
| 001 | BRCA_7083 | ||
| 005 | 20190320205715.0 | ||
| 008 | 081211s1942----ag-#######---#000-0#spa-# | ||
| 041 | _aspa | ||
| 044 | _aag | ||
| 050 | 4 |
_aHX276 _b.V35 1941 |
|
| 100 | 1 |
_aValtin, Jan _917606 |
|
| 245 | 1 | 0 |
_aLa noche quedó atrás _cJan Valtin ; traducción Julio Bernal |
| 260 |
_aBuenos Aires _bClaridad _c1941 |
||
| 300 |
_a695 p. _c20 cm. |
||
| 440 | 0 |
_aBiblioteca de Obras Famosas _v62 _917607 |
|
| 500 | _aTitulo original: Out of the night | ||
| 500 | _aEstado físico: cubiertas rotas. | ||
| 500 | _aO76 | ||
| 650 | 1 | 4 |
_aMemorias de Richard Julius Herman Krebs _ySiglo XX _zEstados Unidos _917608 |
| 700 | 1 |
_aBernal, Julio _etr. _917609 |
|
| 902 | _aGFM | ||
| 942 |
_2lcc _cB |
||
| 999 |
_c6764 _d6764 |
||